01067nam a22001697a 4500008004500000020001800045082002100063100004000084245005000124260002200174300001500196504002500211520043500236650007600671650005200747650009800799210408b 2014 ||||| |||| 00| 0 eng d a9789280115802 aColumn - 11bIMO aInternational Maritime Organization aModel course 7.08 : Electro-technical officer aLondonbIMOc2014 avii, 190p. a"Includes Appendix". aThis model course aims to meet the mandatory minimum requirements for knowledge, understanding, and proficiency in Table A-III/6 of STCW Code for the function Electrical, Electronic and Control Engineering at the Operational Level, for the function Maintenance and Repair at the Operational Level and the background knowledge to support Controlling the Operation of the Ship and Care for Persons on Board at the Operational Level. aElectrical, Electronic and control engineering at the operational level aMaintenance and repair at the operational level aControlling the operation of the ships and care for persons on board at the operational level